Bankovní sektor je jako živý organismus

Pohľad na zmenu slovenského bankového systému od 90. rokov. Členstvo Slovenska v bankovej únii. Zmeny v úverovaní od roku 2019. Hodnotenie komunikácie so Slovenskou bankovou asociáciou.

Guardado en:
Detalles Bibliográficos
Autor principal: Dvořáček, Vladimír
Otros Autores: Sobková, Martina
Formato: Capítulo de libro
Lenguaje:checo
Materias:
Etiquetas: Agregar Etiqueta
Sin Etiquetas, Sea el primero en etiquetar este registro!

MARC

LEADER 00000naa a2200000 4500
001 0250586
005 20190201112310.9
041 0 |a cze 
044 |a CZ 
245 1 0 |a Bankovní sektor je jako živý organismus  |c Vladimír Dvořáček, Martina Sobková 
520 |a Pohľad na zmenu slovenského bankového systému od 90. rokov. Členstvo Slovenska v bankovej únii. Zmeny v úverovaní od roku 2019. Hodnotenie komunikácie so Slovenskou bankovou asociáciou. 
610 2 0 |a bankovníctvo 
610 2 0 |a trh finančný 
610 2 0 |a banky centrálne 
610 2 0 |a únie bankové 
610 2 0 |a Slovensko 
610 2 0 |a úver bankový 
100 1 |a Dvořáček, Vladimír 
700 1 |a Sobková, Martina